| 000 | 00461nam a22001457a 4500 | ||
|---|---|---|---|
| 082 | _aCP02 | ||
| 100 |
_aZulfiqar, Ali Syed Maj _950831 |
||
| 245 |
_aIrrigation Engineering CE-458 _cSyed Zulfiqar Ali . _bcourse pack |
||
| 250 | _aFall Semester 2014 | ||
| 260 |
_aRisalpur _bMCE _c2014 |
||
| 500 | _aCourse Pack Irrigation Engineering | ||
| 526 |
_a0 _b0 _c0 _dCP_000000000000000_02 |
||
| 650 |
_aCourse Pack Irrigation Engineering _950832 |
||
| 942 |
_2ddc _cBKB |
||
| 999 |
_c553571 _d553571 |
||